Statistics for Wards of Sakai City

Click here to take the quiz!

General Stats

  • This quiz has been taken 9 times
  • The average score is 6 of 7

Answers on the Map

Answers color-coded by a green-red scale on the quiz's map according to % correct below.
 

Answer Stats

Answer% Correct
Kita 北
100%
Minami 南
100%
Nishi 西
100%
Sakai 堺
100%
Higashi 東
67%
Naka 中
67%
Mihara 美原
33%

Score Distribution

Percentile by Number Answered

Percent of People with Each Score

Your Score History

You have not taken this quiz